000 03230cam a2200445 i 4500
001 991060786665806706
003 ES-BaIT
005 20260209100613.0
008 221017s2022 sp a 000 0dspa d
017 _aDL M 15934-2022
_bOficina DL Madrid
020 _a9788437644752
020 _a8437644755
035 _a(OCoLC)1346428697
035 _a(OCoLC)on1346428697
035 _a(OCoLC)1351175083
040 _aES-BaUAB
_bcat
_erda
_cES-BaUAB
_dES-BaBC
043 _ae------
080 _a316.74:7
_x(4)
_x"18"
_22004
080 _a061.237:7.071
_x(4)
_x"18"
_22004
080 _a7.071
_x(4)
_x"18"
_22004
100 1 _aRamírez-Blanco, Julia
_eautor
_9168376
245 1 0 _aAmigos, disfraces y comunas :
_blas hermandades de artistas del siglo XIX /
_cJulia Ramírez-Blanco
246 3 0 _aHermandades de artistas del siglo XIX
250 _a1a edición
264 1 _aMadrid :
_bCátedra,
_c2022
300 _a215 pàgines :
_bil·lustracions (algunes en color) ;
_c24 cm
336 _atext
_btxt
_2rdacontent
337 _asense mediació
_bn
_2rdamedia
338 _avolum
_bnc
_2rdacarrier
490 1 _aGrandes temas
504 _aBibliografia pàgines 203-211
520 _a"¿Por qué, poco después de la Revolución Francesa, unos jóvenes pintores deciden usar togas griegas y más tarde se retiran a un monasterio ruinoso? ¿Qué hace que unos artistas prusianos casi adolescentes se dejen crecer el cabello, lleven largas túnicas e intenten vivir como monjes medievales? ¿O que otros jóvenes creadores en Inglaterra funden una llamada "Hermandad Prerrafaelita"? ¿Y que un grupo de amigas se unan como Hermanas en el Arte o "Sisters in Art"? ¿Por qué William Morris quiere convertirse en una suerte de artesano y termina siendo un pionero del socialismo? ¿Cómo se unen en un proyecto artístico colectivo la espiritualidad, la amistad, el género, el deseo sexual y las ideas políticas? ¿De qué modos puede el arte cambiar la vida de los que lo practican, más allá de constituir una ocupación? ¿Es ese el sentido de los colectivos de creadores? "Amigos, disfraces y comunas" quiere responder estas preguntas, mediante el estudio del primer tipo de colectivismo artístico moderno, que sienta las bases para los colectivos artísticos de los siglos XX y XXI: son las llamadas hermandades de artistas, grupos cuya práctica ambiciona unir el proyecto vital y el creativo, ensayando otras formas de entender los afectos y la identidad como algo compartido. Trazando la historia de "Méditateurs", Nazarenos, Prerrafaelitas y miembros del movimiento "Arts and Crafts", este libro estudia las prácticas colectivistas de dichos grupos entendiéndolas como una forma de autoescenificación que da vida a visiones estéticas y sociales. De este modo, contribuye a una genealogía anterior a los siglos XX y XXI de la "performance"." -- Contracoberta
650 0 _aArt i societat
_zEuropa
_xHistòria
_y S. XIX
_2lemac
_9168377
650 0 _aArtistes
_xSocietats, etc.
_xHistòria
_y S. XIX
_2lemac
_9168378
650 0 _aArtistes
_zEuropa
_xHistòria
_yS. XIX.
_2lemac
_9168379
830 _aGrandes temas (Cátedra)
_995972
908 _aUAB
_aBC
_aMNAC
_aCDMAE
940 _aOCLC
942 _2udc
_c1
999 _c137032
_d137032